000 00285nam a22001337a 4500
008 171020b xxu||||| |||| 00| 0 eng d
020 _a9780138132552
041 _aeng
080 _22ND
_a338
100 _a54
101 _aMIS
245 _aUSING MIS
_cKROENKE,D.M
942 _2udc
_cBK
999 _c35072
_d35072